| 000 | 01695 a2200253 4500 | ||
|---|---|---|---|
| 001 | 2162214035926662 | ||
| 003 | UA-OsUOA | ||
| 005 | 20260403112215.0 | ||
| 008 | 260316b -ura|||| |||| 00| f ukr d | ||
| 020 | _a5772000543 | ||
| 040 |
_aUA-OsUOA _bukr _cUA-OsUOA _dUA-OsUOA |
||
| 041 | _aukr | ||
| 080 | _a821.161.2 | ||
| 090 |
_a821.161.2 _bД75 |
||
| 100 |
_aДрозд В. _924467 |
||
| 245 |
_aПодих чудесного _cВолодимир Дрозд _bоповідання, роман |
||
| 260 |
_bМолодь _c1988 _aКиїв |
||
| 300 | _a296 с. | ||
| 520 | _aДо нової книжки відомого українського письменника увійшли два цикли оповідань "Що ми знаємо про любов?" та "Подих чудесного", а також роман "Катастрофа". Написані в різний час, ці твори відзначаються гострою соціальною спрямованістю, філософічністю, тонким психологічним аналізом духовного злету чи деградації особистості. Творчій манері прозаїка притаманні своєрідний стиль, передбачуваність сюжетних ходів, органічне переплетіння фантастичного та реального, яскраві, колоритні образи. | ||
| 650 |
_a82 Література. Літературознавство _915 |
||
| 942 |
_cBK _2udc |
||
| 955 | _a3 | ||
| 999 |
_c580078 _d580078 |
||